[Event "Gipuzkoako Banakako Txapelketa"]
[Site "Billabonako"]
[Date "2009.11.14"]
[Round "5.1"]
[White "Iturzaeta Mujika, Josu"]
[Black "Villena Garrido, Aitor"]
[Result "0-1"]
[WhiteElo "1695"]
[BlackElo "1683"]
[PlyCount "50"]
[EventDate "2009.10.17"]
[EventType "swiss"]
[EventRounds "7"]
[EventCountry "ESP"]
[SourceTitle "EXT 2024"]
[Source "ChessBase"]
[SourceDate "2023.10.10"]
[SourceVersion "1"]
[SourceVersionDate "2023.10.10"]
[SourceQuality "1"]

1. e4 e5 2. Nf3 Nc6 3. d4 exd4 4. c3 d5 5. e5 dxc3 6. Nxc3 Bb4 7. Bg5 Nge7 8. Bb5 a6 9. Bxc6+ bxc6 10. Qd4 Bxc3+ 11. Qxc3 0-0 12. Nd4 Qe8 13. 0-0 Nf5 14. Nxc6 Qe6 15. Rfe1 Qg6 16. f4 Re8 17. Rad1 h6 18. Bd8 Bd7 19. Ne7+ Nxe7 20. Bxe7 Rxe7 21. Qxc7 Bh3 22. Qc2 Qxc2 23. gxh3 Qxb2 24. Rxd5 Qb6+ 25. Kf1 Rd8 0-1

[Event "Gipuzkoako Banakako Txapelketa"]
[Site "Billabonako"]
[Date "2009.10.17"]
[Round "1.2"]
[White "Intxaurrondo Gonzalez, Aimar"]
[Black "Iturzaeta Mujika, Josu"]
[Result "0-1"]
[WhiteElo "1481"]
[BlackElo "1695"]
[PlyCount "72"]
[EventDate "2009.10.17"]
[EventType "swiss"]
[EventRounds "7"]
[EventCountry "ESP"]
[SourceTitle "EXT 2024"]
[Source "ChessBase"]
[SourceDate "2023.10.10"]
[SourceVersion "1"]
[SourceVersionDate "2023.10.10"]
[SourceQuality "1"]

1. e4 e5 2. Nf3 Nf6 3. d4 d6 4. Bg5 h6 5. dxe5 hxg5 6. exf6 Qxf6 7. Qd4 Qg6 8. Bd3 Nc6 9. e5 Nxd4 10. Bxg6 Nxf3+ 11. gxf3 fxg6 12. exd6 Bxd6 13. Rg1 Rxh2 14. Rxg5 Bf5 15. Rg1 Bxc2 16. Nc3 Bc5 17. Rf1 Bd3 18. Ne2 0-0-0 19. Rd1 Bb4+ 20. Rd2 Bxd2+ 21. Kxd2 Bb1+ 22. Ke3 Bxa2 23. Rg1 Rd6 24. Nf4 Bf7 25. Nd3 Rh8 26. Ne5 Re8 27. Kf4 Rf6+ 28. Ke4 Rfe6 29. Rg5 c6 30. Kf4 Rf6+ 31. Ke4 Bd5+ 32. Ke3 Rxf3+ 33. Kd4 Rf5 34. Rxf5 gxf5 35. f3 a5 36. Nc4 Bxc4 0-1